| 000 | 00711nam a22002055i 4500 | ||
|---|---|---|---|
| 001 | 171663 | ||
| 003 | ES-MaACL | ||
| 005 | 20231207181903.0 | ||
| 008 | 090525s1948 sp |||| | spa d | ||
| 100 | 1 |
_aSolé Sagarra, J. _9107133 |
|
| 245 | 1 | 3 |
_aEl substrato anatómico de las enfermedades mentales / _cpor J. Solé Sagarra ; prólogo... A. Vallejo Nágera. |
| 250 | _a[1ª ed.]. | ||
| 260 |
_aBarcelona : _bSalvat, _c1948. |
||
| 300 |
_a202 p. : _bil. ; _c23 cm. |
||
| 490 | 1 | _aManuales de medicina práctica | |
| 700 | 1 |
_aVallejo Nágera, Antonio, _d1889-1960 _9112854 |
|
| 830 | 0 |
_aManuales de medicina práctica _9181070 |
|
| 852 |
_aES-MaACL _jC-5018 _9R.25366 |
||
| 999 |
_c171663 _d171663 |
||